[Event "Ruhrgebiet Verbandsklasse Gruppe 3 1415"]
[Site "Germany"]
[Date "2015.02.08"]
[Round "6.7"]
[White "Jolitz, Andreas"]
[Black "Dekhtyaryuk, Dimitri"]
[Result "0-1"]
[WhiteElo "1750"]
[BlackElo "1856"]
[PlyCount "82"]
[EventDate "2014.09.21"]
[EventType "team-tourn"]
[EventRounds "9"]
[EventCountry "GER"]
[SourceTitle "EXT 2022"]
[Source "ChessBase"]
[SourceDate "2021.10.06"]
[SourceVersion "1"]
[SourceVersionDate "2021.10.06"]
[SourceQuality "1"]
[WhiteTeam "Buer Hassel"]
[BlackTeam "Eichlinghofen SV"]
[WhiteTeamCountry "GER"]
[BlackTeamCountry "GER"]

1. e4 c5 2. d3 d6 3. c4 Nf6 4. Nc3 Nc6 5. Be2 g6 6. h3 Bg7 7. f4 0-0 8. Nf3 Nh5 9. 0-0 Ng3 10. Re1 Nd4 11. Kh2 Ngxe2 12. Nxe2 Nxf3+ 13. gxf3 Qd7 14. Ng1 Bd4 15. Be3 Bxb2 16. Rb1 Bf6 17. Re2 a6 18. Rg2 b5 19. f5 Kh8 20. fxg6 fxg6 21. f4 e5 22. Qg4 Qf7 23. Qg3 bxc4 24. Nf3 Qe6 25. fxe5 Be7 26. exd6 Bxd6 27. e5 Be7 28. dxc4 Qxc4 29. Bh6 Rf5 30. Rb6 Rh5 31. Bg7+ Kg8 32. h4 Bxh4 33. Nxh4 Rxh4+ 34. Kg1 Qc1+ 35. Kf2 Rf4+ 36. Ke2 Bg4+ 37. Qxg4 Rxg4 38. Rxg4 Kxg7 39. Rb7+ Kh6 40. Rh4+ Kg5 41. Rhxh7 Re8 0-1

[Event "Ruhrgebiet Verbandsklasse Gruppe 3 1415"]
[Site "Germany"]
[Date "2014.10.19"]
[Round "2"]
[White "Jolitz, Andreas"]
[Black "Volbracht, Michael"]
[Result "1/2-1/2"]
[WhiteElo "1750"]
[BlackElo "1762"]
[PlyCount "62"]
[EventDate "2014.09.21"]
[EventType "team-tourn"]
[EventRounds "9"]
[EventCountry "GER"]
[SourceTitle "EXT 2022"]
[Source "ChessBase"]
[SourceDate "2021.10.06"]
[SourceVersion "1"]
[SourceVersionDate "2021.10.06"]
[SourceQuality "1"]
[WhiteTeam "Buer Hassel"]
[BlackTeam "Welper SV II"]
[WhiteTeamCountry "GER"]
[BlackTeamCountry "GER"]

1. c4 e5 2. Nc3 Nf6 3. e4 Nc6 4. d3 Bc5 5. Be2 h6 6. h3 0-0 7. f4 d6 8. f5 Nd4 9. g4 Nh5 10. h4 Ng3 11. Rh2 c6 12. a3 a5 13. g5 Qb6 14. Na4 Qb3 15. Nxc5 dxc5 16. Qxb3 Nxb3 17. Rb1 Nxe2 18. Nxe2 h5 19. Rg2 Rd8 20. Rg3 g6 21. Rf3 b5 22. cxb5 cxb5 23. Nc3 Nd4 24. Rf2 gxf5 25. Nd5 f4 26. b3 Bg4 27. Bb2 Kg7 28. Ba1 Be6 29. Bxd4 cxd4 30. Nc7 Rac8 31. Rc2 Bd7 1/2-1/2

[Event "Ruhrgebiet VL1 0910"]
[Site "Germany"]
[Date "2010.01.10"]
[Round "5.8"]
[White "Jolitz, Andreas"]
[Black "Jerig, Markus"]
[Result "1-0"]
[WhiteElo "1738"]
[BlackElo "1700"]
[PlyCount "59"]
[EventDate "2009.09.06"]
[EventType "team-tourn"]
[EventRounds "9"]
[EventCountry "GER"]
[SourceTitle "EXT 2011"]
[Source "ChessBase"]
[SourceDate "2010.11.26"]
[SourceVersion "1"]
[SourceVersionDate "2010.11.26"]
[SourceQuality "1"]
[WhiteTeam "Buer"]
[BlackTeam "Osterfeld"]
[WhiteTeamCountry "GER"]
[BlackTeamCountry "GER"]

1. e4 d6 2. c4 e5 3. Nc3 g6 4. Be2 Bg7 5. d3 Nc6 6. f4 Nge7 7. Nf3 0-0 8. 0-0 f5 9. fxe5 fxe4 10. dxe4 dxe5 11. Nd5 h6 12. Be3 b6 13. Qd2 Kh7 14. Rad1 Nxd5 15. cxd5 Ne7 16. Qb4 a5 17. Qa3 Rf6 18. Nxe5 Ng8 19. Nc6 Qe8 20. Bf3 Bb7 21. Bd4 Rf8 22. Bxg7 Kxg7 23. Nd4 Kh7 24. Ne6 Rf7 25. Qc3 c6 26. Bg4 cxd5 27. Rxf7+ Qxf7 28. exd5 Bc8 29. Rf1 Bxe6 30. dxe6 1-0

[Event "NRW Class2 0304"]
[Site "Germany"]
[Date "2004.04.25"]
[Round "9.8"]
[White "Muenster, Klaus"]
[Black "Jolitz, Andreas"]
[Result "1/2-1/2"]
[WhiteElo "1745"]
[BlackElo "1646"]
[PlyCount "47"]
[EventDate "2003.09.28"]
[EventType "team-tourn"]
[EventRounds "9"]
[EventCountry "GER"]
[SourceTitle "CBM 098 Extra"]
[Source "ChessBase"]
[SourceDate "2004.03.10"]
[SourceVersion "2"]
[SourceVersionDate "2004.03.10"]
[SourceQuality "1"]
[WhiteTeam "Lippstadt Turm"]
[BlackTeam "Gelsenkirchen Hassel"]
[WhiteTeamCountry "GER"]
[BlackTeamCountry "GER"]

1. d4 d5 2. c4 e6 3. Nc3 Nf6 4. e3 Be7 5. Nf3 0-0 6. Bd3 b6 7. 0-0 Bb7 8. b3 Nbd7 9. Bb2 h6 10. Rc1 Bb4 11. Qe2 Rc8 12. a3 Bxc3 13. Bxc3 Re8 14. c5 c6 15. b4 Ne4 16. Bb2 f5 17. Ne5 Rc7 18. f3 Ng5 19. cxb6 axb6 20. b5 Nxe5 21. dxe5 c5 22. Bb1 Rd7 23. Rfd1 Rf8 24. f4 1/2-1/2